|
|
|
|
| LEADER |
00000nam a2200000 a 4500 |
| 001 |
UCQ8191 |
| 003 |
CL-VaPUC |
| 008 |
981127e19960000SP |||||||||||||||||spa|d |
| 082 |
0 |
4 |
|a 235.4
|b CER
|2 21
|
| 100 |
0 |
|
|a Cervantes, Fernando
|e author
|9 422021
|
| 245 |
1 |
3 |
|a El diablo en el nuevo mundo: el impacto del diabolismo a través de la colonización de Hispanoamérica
|
| 300 |
|
|
|a 270 p
|
| 942 |
|
|
|c BK
|
| 945 |
|
|
|d 19981127 00:00:00
|a aarredon
|
| 260 |
|
|
|a Barcelona
|b Herder
|c 1996
|
| 650 |
|
0 |
|a Demonología
|9 314401
|
| 650 |
|
0 |
|a Diablo
|9 321430
|
| 650 |
|
0 |
|a Religión
|9 255164
|
| 650 |
|
0 |
|a Colonización
|9 265172
|
| 650 |
|
0 |
|a Indígenas
|9 317064
|
| 650 |
|
0 |
|a Cultura
|9 269059
|
| 651 |
|
0 |
|a Hispanoamérica
|9 337366
|
| 583 |
|
|
|a last modification
|c 19981127 00:00:00
|k Rodrigo Vera
|
| 999 |
|
|
|c 277483
|d 277481
|
| 952 |
|
|
|0 0
|1 0
|4 0
|6 235_400000000000000_CER_1996
|7 0
|8 A
|9 315428
|a BIBARQ
|b BIBARQ
|d 2019-11-20
|i 3484122
|o 235.4 CER 1996
|p 3484122
|r 2025-01-20
|w 2019-11-20
|y BK
|k ARQ
|